| 000 | 00670nam a22002177a 4500 | ||
|---|---|---|---|
| 001 | 6128 | ||
| 003 | FISKH | ||
| 005 | 20250317140933.0 | ||
| 008 | 250317b cb ||||| |||| 00| 0 eng d | ||
| 040 |
_aFISKH _bKhmer _cFISKH _dFISKH |
||
| 050 | _aPZ7 | ||
| 082 | _a900 | ||
| 100 | _aThaily , Ly | ||
| 245 |
_aតេជោដំឌិន និងព្រះរោង / _cស្រាវជ្រាវនិងរៀបរៀងដោយ លី ថៃលី |
||
| 260 |
_aSihanouk Ville : _c2011. |
||
| 300 |
_a56 pages : _billustrations ; _c20 cm . |
||
| 650 | _aតេជោដំឌិន | ||
| 650 | _aDe Chov Dom Den | ||
| 942 |
_2ddc _cBK _n0 |
||
| 999 |
_c6128 _d6128 |
||